Quizzes
Events
Quiz Creation
Community
Videos
Private Events
Remove Ads
Sign In
Join for FREE
Feedback
Dark Mode
Quiz Categories
Sports
Geography
Music
Movies
Television
Just For Fun
Miscellaneous
History
Literature
Language
Science
Gaming
Entertainment
Religion
Holiday
For Kids
Quiz Lab
Recent
Popular Today
Quiz Kudos Today
Editor Picks
Curator Picks
Quizzes by...
Day
Popularity
Type
Ratings
Length
Year
Community
Subscriptions
Recent Discussions
Orange Saloon
Badges
Playlists
Quests
Create
Leaderboards
Showdown
Live 5
Trivia Bingo
Activity
Puzzle Library
Sporcle Events
Private Events
Virtual Trivia
Globe League
Become a Host
Pub Owners
SporcleCon
Opinionation
Our Games
Videos
Blog
Mobile Apps
Partnerships
Remove Ads and Go Orange
Feedback
Geography
Country
Landmarks
City
State
Population
World
Capital
Continent
Flags
Europe
Africa
Asia
South America
North America
Oceania
Border
Canada
United Kingdom
Topography
United States
Geography
Country
Landmarks
City
State
Population
World
Capital
Continent
Flags
Europe
Africa
Asia
South America
North America
Oceania
Border
Canada
United Kingdom
Topography
United States
Random Quiz
Search Sporcle
×
Quiz Lab
Quiz Lab
Geography
Largest City
Type in answers that appear in a list
Type in answers that appear in a list
Classic
Best Score? Go Orange.
Alternating Vowel/Consonant US Cities Stats
Can you name the largest US Cities with alternating vowels and consonants?
By
gunthertoody
5m
20 Questions
132 Plays
132 Plays
132 Plays
Comments
Comments
Give Quiz Kudos
Give Quiz Kudos
-
- Ratings
hide this ad
More Info
Replay
Link that replays current quiz
Next Quiz
Link to next quiz in quiz playlist
You Got
0%
They Got
Avg Score
64%
Avg Friend Score
Upgrade to see
Score Distribution
Jump to the score distribution portion of the page
Score
0/20
Timer
05:00
0
Plays Today
Pop Rank
City
% Correct
47 (HI)
Honolulu (HI)
91.7%
42 (NE)
Omaha (NE)
90.9%
89 (NV)
Reno (NV)
90.2%
38 (AZ)
Mesa (AZ)
87.1%
66 (OH)
Toledo (OH)
86.4%
82 (WI)
Madison (WI)
86.4%
151 (OR)
Salem (OR)
81.8%
111 (WA)
Tacoma (WA)
81.1%
194 (KS)
Topeka (KS)
77.3%
117 (AL)
Mobile (AL)
69.7%
Pop Rank
City
% Correct
199 (TX)
Waco (TX)
69.7%
81 (TX)
Laredo (TX)
68.9%
162 (TX)
Pasadena (TX)
49.2%
167 (NY)
Syracuse (NY)
49.2%
180 (CA)
Pasadena (CA)
49.2%
183 (NC)
Cary (NC)
41.7%
161 (CA)
Pomona (CA)
31.1%
159 (CA)
Corona (CA)
28.8%
152 (FL)
Cape Coral (FL)
28%
160 (CA)
Salinas (CA)
25.8%
Quiz Playlist
Details
Report
Send in Message
Add To Playlist
More Info:
Hint: In each case where the letter Y appears in this list, it functions as a vowel. 2010 census.
Classic:
Type in answers that appear in a list
Last Updated: Feb 16, 2017
Quiz Scoreboard
CHALLENGE
Sign Up to Join the Scoreboard
Show All
Scores
Hide
Comments
May contain spoilers
Recently Published
Alphabetical 'K' Countries by Flag Minefield
by ylime102
Geography
3m
Pick 6: Fruits
by JohnFran
Miscellaneous
15s
Click the 1999 NBA Draft
by nibperrychub
Sports
2m
More to Explore
Quiz From the Vault
Featured Blog Post
15 Basketball Trivia Facts You Can Be March Mad About
hide this ad
You Might Also Like...
Tags
Largest City
US Cities
Today's Top Quizzes in Geography
Browse Geography
hide this ad
Today's Top Quizzes in Largest City
Browse Largest City
Top Contributed Quizzes in Geography
1
Countries of the World - No Outlines Minefield
2
Alphabetical 'L' Countries By Flag Minefield
3
Pick 6: Mountains
4
Pick 6: US States
5
Complete the Map Snippet (Minefield) IX
6
Pick 6: National Parks
7
Find the Landmarks A-Z
8
Erase Asia (No Outlines or Skips)
9
Least Populated Answer: 'G' Countries
10
Complete the Map Snippet (Minefield) XIV
Explore More
Trending Topics
Crossword
Anime
Harry Potter
Disney
Kpop
NBA
Marvel
Pokémon
NFL
Song
Puzzle
Soccer
Country
The Office
WWE
hide this ad
More By:
gunthertoody
Quiz
Plays
Rating
Category
Featured
Created
Missing Letter Blitz
187,990
4.26
Language
Nov 17, 2012
US States with Big Cities
144,855
4.60
Geography
Nov 12, 2013
States Out of Place
116,565
4.43
Geography
Sep 13, 2014
_ _ Y Words
110,085
4.70
Language
Nov 14, 2013
What's in a Name? (US States)
97,773
4.33
Geography
May 24, 2012
Go to Creator's Profile
Score Distribution
Quiz Creator Spotlight
gunthertoody
Follow
Send a Message
Quizzes Created
-
Created Quiz Play Count
-
More By This Creator
Popular Quizzes Today
1
Find the US States - No Outlines Minefield
2
Countries of Asia Without Outlines Minefield
3
Pick 6: Fruits
4
The Countries of the World
5
Alphabetical 'K' Countries by Flag Minefield
6
Click the 1999 NBA Draft
7
Match the Book to the Film X
8
Find the US States
More Geography Quizzes
April US State Capitals
Curator's Pick
Trending Quizzes
Pick 6: Harry Potter
Pick 6: Mountains
Pick 6: NFL Teams
Pick 6: Movie Franchises
Pick 6: Golfers
Recently Updated
Women's Final Four Teams by Year
bhenderson79
Presidents Quartet II
eogle
Anything But Clue(do)
eogle
Anything But Oceanian Capitals
eogle
Anything But 7
eogle
Anything But Thing
eogle
Word Ladder: February 29
pecheneg
Song Title Questions
pecheneg
Women's NCAA Tournament #1 Seeds
pecheneg
Celebrity Mug Shots
pecheneg
Trending Topics
Crossword
Marvel
NBA
Disney
Harry Potter
Kpop
Anime
Song
WWE
NFL
The Office
Country
Pokémon
Soccer
Puzzle
Your Account Isn't Verified!
In order to create a playlist on Sporcle, you need to verify the email address you used during registration. Go to your
Sporcle Settings
to finish the process.
Report this User
Report this user for behavior that violates our
Community Guidelines
.
Details:
Send Report
Go to the Sporcle.com Mobile Site →
Comments